Letra Completa Estilo Vagabundo pt1 - MV Bill - Statistics

Estatísticas Gerais
  • Esse quiz foi jogado 16 vezes
    2 desde o último reset
  • A pontuação média é 388 de 496
Estatísticas das Respostas
Letra % Correto
a
100%
academia
100%
acreditar
100%
agora
100%
agradar
100%
amigas
100%
assim
100%
assim)
100%
atenção
100%
ausente
100%
bagulho
100%
bandido
100%
bola
100%
cara
100%
chance
100%
chega
100%
chegar
100%
com
100%
comigo
100%
como
100%
(como
100%
consigo
100%
costas
100%
100%
dado
100%
de
100%
desfeita
100%
do
100%
e
100%
é
100%
ela
100%
elas
100%
envergonhando
100%
estilo
100%
eu
100%
(eu
100%
fala
100%
falar
100%
faz
100%
fica
100%
ficar
100%
fila
100%
fofoca
100%
foi
100%
gritando
100%
guerra
100%
hora
100%
intimidade
100%
jeito
100%
malhação
100%
marrinha
100%
me
100%
meu
100%
mim
100%
muda
100%
mudar
100%
mundo
100%
na
100%
não
100%
não)
100%
nem
100%
ninguém
100%
no
100%
nos
100%
o
100%
outros
100%
ouvir
100%
paciência
100%
palhaça
100%
papo
100%
paz
100%
100%
peito
100%
piranha
100%
por
100%
porque
100%
pra
100%
quando
100%
que
100%
queimando
100%
quem
100%
(quem?)
100%
quer
100%
quero
100%
respeito
100%
responsa
100%
saber
100%
se
100%
(sem
100%
sem
100%
sempre
100%
100%
sonso
100%
sufoca
100%
100%
tão
100%
te
100%
tem
100%
tempo
100%
toca
100%
todo
100%
tu
100%
vagabundo
100%
vai
100%
vem
100%
você
100%
vou
100%
xinga
100%
abandona
50%
abandonar
50%
abraça
50%
acabou
50%
aceita
50%
afim
50%
Amélia
50%
amizade
50%
andando
50%
apanha
50%
arrasar
50%
arruma
50%
assunto
50%
aturo
50%
batendo
50%
cachorrada
50%
cansei
50%
chamando
50%
cheias
50%
chora
50%
cobre
50%
começa
50%
concorrência
50%
confiança
50%
confiante
50%
confusão
50%
conheceu
50%
continua
50%
coração
50%
covarde
50%
criança
50%
dando
50%
dar
50%
dei
50%
deixar
50%
depois
50%
der
50%
deu
50%
dia
50%
em
50%
endireita
50%
entender
50%
errei
50%
esforça
50%
esse
50%
estragado
50%
falando
50%
ficam
50%
foguinho
50%
for
50%
fumo
50%
gosta
50%
graça
50%
ignorou
50%
inocente
50%
50%
leva
50%
ligo
50%
mais
50%
menos
50%
merece
50%
mina
50%
mulher
50%
nas
50%
novo
50%
palma
50%
para
50%
passa
50%
passar
50%
pensou
50%
pequeno
50%
perdeu
50%
pouco
50%
pro
50%
problema
50%
procurar
50%
próprio
50%
provar
50%
queira
50%
respeita
50%
sabia
50%
ser
50%
sereno
50%
seu
50%
show
50%
somente
50%
sou
50%
stress)
50%
sua
50%
suas
50%
tarde
50%
tentar
50%
tento
50%
ter
50%
teu
50%
tipo
50%
toda
50%
traíra
50%
transforma
50%
traz
50%
tudo
50%
um
50%
vacilão
50%
velha
50%
veneno
50%
ver
50%
vigia
50%
abre
0%
aguentando
0%
assistência
0%
avisei
0%
boba
0%
bota
0%
casa
0%
certo
0%
cínico
0%
culpa
0%
difamar
0%
dizendo
0%
dormia
0%
dormir
0%
embora
0%
enquanto
0%
então
0%
escândalo
0%
escoltar
0%
esculachar
0%
isola
0%
0%
ligue
0%
mas
0%
mente
0%
mentira
0%
mete
0%
muito
0%
pode
0%
procuro
0%
sei
0%
sobra
0%
tratando
0%
trate
0%
uma
0%
várias
0%
vestir
0%
Nenhum quiz correspondente encontrado
Distribuição das Pontuações
Porcentagem de Pessoas com Cada Pontuação
Percentil de Números Respondidos
Sua Pontuação Histórica
Você não jogou esse quiz desde o último reset